Compendio de información estadística

Sparad:
Bibliografiska uppgifter
Materialtyp: Bok
Språk:spanska
Publicerad: Santiago Ministerio de Educación 1995
Ämnen:
Taggar: Lägg till en tagg
Inga taggar, Lägg till första taggen!

MARC

LEADER 00000nam a2200000 a 4500
001 UCT1266
003 CL-VaPUC
008 960927e19950000CL |||||||||||||||||spa|d
082 0 4 |a 370.78  |b MIN  |2 21 
245 1 0 |a Compendio de información estadística 
300 |a 267 p 
942 |c BK 
945 |d 19960927 00:00:00  |a nastorga 
260 |a Santiago  |b Ministerio de Educación  |c 1995 
650 0 |a Estadísticas educacionales  |9 331921 
650 7 |a MATRICULA  |2 CL-VaPUC  |9 329379 
650 7 |a TASAS DE MATRICULA  |2 CL-VaPUC  |9 356366 
650 0 |a Educación de adultos  |9 307580 
650 0 |a Aspectos financieros  |9 310776 
650 0 |a Analfabetismo  |9 324360 
650 7 |a ESTABLECIMIENTOS EDUCACIONALES  |2 CL-VaPUC  |9 362138 
650 0 |a Calidad de la educación   |9 307271 
650 0 |a Educación básica   |9 224933 
650 0 |a Educación superior   |9 223851 
583 |a last modification  |c 19960927 00:00:00  |k Rodrigo Vera 
999 |c 251835  |d 251833 
952 |0 0  |1 0  |4 0  |6 370_780000000000000_MIN_1995  |7 0  |8 P  |9 271291  |a BIBEDU  |b BIBEDU  |c BIBEDU_PB  |d 2019-11-19  |i 3232948  |o 370.78 MIN 1995  |p 3232948  |r 2024-01-25  |w 2019-11-19  |y BK  |k EDU 
952 |0 0  |1 0  |4 0  |6 370_780000000000000_MIN_1995  |7 0  |8 P  |9 271292  |a BIBEDU  |b BIBEDU  |c BIBEDU_PB  |d 2019-11-19  |i 3232956  |o 370.78 MIN 1995  |p 3232956  |r 2024-01-25  |w 2019-11-19  |y BK  |k EDU 
952 |0 0  |1 0  |4 0  |6 370_780000000000000_MIN_1995  |7 0  |8 P  |9 271293  |a BIBEDU  |b BIBEDU  |c BIBEDU_PB  |d 2019-11-19  |i 3447979  |o 370.78 MIN 1995  |p 3447979  |r 2024-01-25  |w 2019-11-19  |y BK  |k EDU 
952 |0 0  |1 0  |4 0  |6 370_780000000000000_MIN_1995  |7 0  |8 P  |9 271294  |a BIBEDU  |b BIBEDU  |c BIBEDU_PB  |d 2019-11-19  |i 3564460  |o 370.78 MIN 1995  |p 3564460  |r 2024-01-25  |w 2019-11-19  |y BK  |k BME